00714nam a2200193Ia 4500003000200000005001700002008004100019050002900060100001700089245005100106260009000157300002800247504004300275650004000318650003300358650003000391650005200421650004700473020250130101522.0150126s9999 xx 000 0 und d aPGS GV 1469.3b.K49 2014 aKim, Do Eun. aNegative effects of video games /cDo Eun Kim. aLas Piñas City, Philippines :bSouthville International School and Colleges,c2014. a29 p. :bill. ;c28 cm. aIncludes bibliographical references.  aVideo gamesvPsychological aspects. aVideo gamesvSocial aspects. aVideo games and children. aViolence in video gamesvPsychological aspects. aTechnology and childrenvNegative effects.